Enquête sur la co-soignance (notice n° 1634624)

détails MARC
000 -LEADER
fixed length control field 01113cam a2200229 4500500
005 - DATE AND TIME OF LATEST TRANSACTION
control field 20260111132233.0
041 ## - LANGUAGE CODE
Language code of text/sound track or separate title fre
042 ## - AUTHENTICATION CODE
Authentication code dc
100 10 - MAIN ENTRY--PERSONAL NAME
Personal name Queffelec, Anne
Relator term author
245 00 - TITLE STATEMENT
Title Enquête sur la co-soignance
260 ## - PUBLICATION, DISTRIBUTION, ETC.
Date of publication, distribution, etc. 2025.<br/>
500 ## - GENERAL NOTE
General note 32
520 ## - SUMMARY, ETC.
Summary, etc. Cet écrit est le compte-rendu d’une enquête de terrain menée par une pensionnaire et une monitrice. Il offre un éclairage sur le concept de co-soignance dans l’institution qu’est la clinique de La Chesnaie, où des questions ont été posées pendant quelques mois aux soignants et aux soignés : parfois en individuel, parfois à plusieurs autour d’un café, quelquefois également entre deux portes ou lors d’une balade en forêt.
690 ## - LOCAL SUBJECT ADDED ENTRY--TOPICAL TERM (OCLC, RLIN)
Topical term or geographic name as entry element accueil
690 ## - LOCAL SUBJECT ADDED ENTRY--TOPICAL TERM (OCLC, RLIN)
Topical term or geographic name as entry element Co-soignance
690 ## - LOCAL SUBJECT ADDED ENTRY--TOPICAL TERM (OCLC, RLIN)
Topical term or geographic name as entry element entraide
690 ## - LOCAL SUBJECT ADDED ENTRY--TOPICAL TERM (OCLC, RLIN)
Topical term or geographic name as entry element gentillesse
690 ## - LOCAL SUBJECT ADDED ENTRY--TOPICAL TERM (OCLC, RLIN)
Topical term or geographic name as entry element solidarité
700 10 - ADDED ENTRY--PERSONAL NAME
Personal name Rousselet, Léa
Relator term author
786 0# - DATA SOURCE ENTRY
Note VST - Vie sociale et traitements | 168 | 4 | 2025-12-05 | p. 41-43 | 0396-8669
856 41 - ELECTRONIC LOCATION AND ACCESS
Uniform Resource Identifier <a href="https://shs.cairn.info/revue-vst-vie-sociale-et-traitements-2025-4-page-41?lang=fr&redirect-ssocas=7080">https://shs.cairn.info/revue-vst-vie-sociale-et-traitements-2025-4-page-41?lang=fr&redirect-ssocas=7080</a>

Pas d'exemplaire disponible.

PLUDOC

PLUDOC est la plateforme unique et centralisée de gestion des bibliothèques physiques et numériques de Guinée administré par le CEDUST. Elle est la plus grande base de données de ressources documentaires pour les Étudiants, Enseignants chercheurs et Chercheurs de Guinée.

Adresse

627 919 101/664 919 101

25 boulevard du commerce
Kaloum, Conakry, Guinée

Réseaux sociaux

Powered by Netsen Group @ 2025